| 000 | 01020pam a2200325 a 4500 | ||
|---|---|---|---|
| 001 | 1383 | ||
| 005 | 20230823090843.0 | ||
| 008 | 970715s1997 nyua b 000 0 eng | ||
| 020 | _a0516207415 | ||
| 020 | _a0516203703 (pbk.) | ||
| 040 |
_aDLC _cDLC _dDLC |
||
| 050 | 0 | 0 |
_aQH541.5.C6 _bD35 1997 |
| 082 | 0 | 0 |
_a577.5/6 _221 |
| 100 | 1 | _aDavis, Wendy | |
| 245 | 1 | 0 |
_aCity park / _cby Wendy Davis. |
| 260 |
_aNew York : _bChildren's Press, _c1997. |
||
| 300 |
_a31 pages : _bcolor illustrations ; _c24 x 26 cm. |
||
| 490 | 1 | _aHabitats | |
| 505 | _aO | ||
| 520 | _aA city park is shown to be home to many different forms of animal life, from insects to birds and mammals. | ||
| 521 |
_a840
_bLexile |
||
| 521 |
_aO
_bRaz-Plus |
||
| 650 | 0 |
_aUrban ecology (Biology) _xJuvenile literature. |
|
| 650 | 0 |
_aUrban animals _xJuvenile literature. |
|
| 650 | 1 | _aUrban animals. | |
| 650 | 1 | _aUrban ecology (Biology) | |
| 650 | 1 | _aEcology. | |
| 906 |
_a7 _bcbc _corignew _d1 _eocip _f19 _gy-gencatlg |
||
| 942 |
_2ddc _cBK _n0 |
||
| 999 |
_c1383 _d1383 |
||